U.S. General Knowledge by Letter - P - Statistics

General Stats
  • This quiz has been taken 148 times
    101 since last reset
  • The average score is 10 of 15
Answer Stats
Hint Answer % Correct
The only U.S. state that starts with P Pennsylvania
99%
Biggest city of the above Philadelphia
95%
Biggest city in Arizona Phoenix
94%
U.S. territory in the Caribbean Sea Puerto Rico
88%
2nd biggest city in that US state Pittsburgh
86%
Biggest city in Oregon (also in Maine) Portland
84%
Capital of Rhode Island Providence
84%
Capital of South Dakota Pierre
82%
NHL team of the above Pittsburgh Penguins
67%
3rd biggest city in Utah Provo
61%
U.S. President from 1853-1857 Franklin Pierce
48%
Major city in Colorado Pueblo
48%
Suburb of Dallas Plano
37%
Houston suburb that shares it's name with a suburb in L.A. Pasadena
36%
National park in California Pinnacles
8%
No matching quizzes found
Score Distribution
Percent of People with Each Score
Percentile by Number Answered
Your Score History
You have not taken this quiz since the last reset